[Event "Slow norm tournament!"]
[Site "SchemingMind.com"]
[Date "2013.02.03"]
[Round "-"]
[White "Diadoco"]
[Black "Majoanis"]
[Result "1-0"]
[WhiteCountry "MEX"]
[BlackCountry "CAN"]
[WhiteElo "2006"]
[WhiteRD "92"]
[BlackElo "1736"]
[BlackRD "59"]
[GameID "326434"]

1. e4 Nf6 2. e5 Nd5 3. d4 d6 4. Nf3 Bg4 5. Be2 c6 6. c4 Nc7 7. exd6 exd6 8. O-O Be7 9. Nc3 O-O 10. h3 Bh5
11. Bf4 Ne6 12. Be3 Nd7 13. b4 Bf6 14. Rc1 Nc7 15. a4 d5 16. c5 Bxf3 17. Bxf3 Ne6 18. Qd2 Re8 19. Rfd1 Ng5 20. Be2 Ne4
21. Nxe4
1-0

[Event "Slow norm tournament!"]
[Site "SchemingMind.com"]
[Date "2013.02.03"]
[Round "-"]
[White "Majoanis"]
[Black "Diadoco"]
[Result "0-1"]
[WhiteCountry "CAN"]
[BlackCountry "MEX"]
[WhiteElo "1736"]
[WhiteRD "59"]
[BlackElo "2006"]
[BlackRD "92"]
[GameID "326435"]

1. Nf3 Nf6 2. c4 g6 3. g3 Bg7 4. Bg2 O-O 5. O-O c6 6. d4 d5 7. cxd5 cxd5 8. Ne5 Ng4 9. f4 Nxe5 10. fxe5 Nc6
11. Nc3 Be6 12. Kh1 Qd7 13. e4 Bg4 14. e6 Bxd1 15. exd7 Bg4 16. exd5 Nxd4 17. d6 exd6 18. Bxb7 Rab8 19. Bc8 Nc2 20. Bg5 Nxa1
0-1

[Event "Slow norm tournament!"]
[Site "SchemingMind.com"]
[Date "2013.02.07"]
[Round "-"]
[White "littleboo"]
[Black "Majoanis"]
[Result "1-0"]
[WhiteCountry "USA"]
[BlackCountry "CAN"]
[WhiteElo "2224"]
[WhiteRD "78"]
[BlackElo "1736"]
[BlackRD "59"]
[GameID "326664"]

1. e4 d6 2. Nc3 c5 3. Nf3 Nf6 4. d4 cxd4 5. Nxd4 Nc6 6. Bb5 Bd7 7. O-O e5 8. Nb3 a6 9. Bd3 Be7 10. Qf3 O-O
11. a3 Be6 12. Nd5 Rc8 13. c3 h6 14. Be3 Bxd5 15. exd5 Na5 16. Nd2 b5 17. Bf5
1-0

[Event "Slow norm tournament!"]
[Site "SchemingMind.com"]
[Date "2013.02.07"]
[Round "-"]
[White "littleboo"]
[Black "Diadoco"]
[Result "1-0"]
[WhiteCountry "USA"]
[BlackCountry "MEX"]
[WhiteElo "2224"]
[WhiteRD "78"]
[BlackElo "2006"]
[BlackRD "92"]
[GameID "326665"]

1. e4 c5 2. Nc3 Nc6 3. Bc4 e6 4. Nf3 a6 5. d4 cxd4 6. Nxd4 Qc7 7. Nf3 Nf6 8. a3 Be7 9. O-O b5 10. Bd3 h6
11. Re1 d6 12. Qd2 Bb7 13. Rd1 Rd8 14. Qf4 g5 15. Qe3 g4 16. Nd4 Nxd4 17. Qxd4 Qc5 18. Qe3 Qxe3 19. Bxe3 h5 20. f3 Rg8
21. Kf1 gxf3 22. gxf3 h4 23. Bb6 Rc8 24. Kf2 Nd7 25. Bd4 Bf6 26. Bxf6 Nxf6 27. Rg1 Ke7 28. Rae1 Nh5 29. Ne2 e5 30. Rxg8 Rxg8
31. c4 Bc6 32. Rc1 Kd7 33. h3 Nf4 34. Nxf4 exf4 35. cxb5 Bxb5 36. Bxb5+ axb5 37. b3 Rg3 38. Rh1 Kc6 39. a4 bxa4 40. bxa4 Kb6
41. Rb1+ Ka5 42. Rb7 Kxa4 43. Rxf7 Kb5 44. Rxf4 Rxh3 45. Rg4 Rh2+ 46. Rg2 Rh1 47. Rg5+ Kc6 48. Rh5 Rh2+ 49. Ke3 Rh3 50. Rh7 Kc5
51. Rc7+ Kb6 52. Rc2 Kb5 53. Kf4 Kb4 54. Rc6 Rg3 55. Rxd6 Kc5 56. Rh6 Rg8 57. Rxh4 Rf8+ 58. Ke3 Kd6 59. Rh6+ Ke5 60. f4+
1-0

[Event "Slow norm tournament!"]
[Site "SchemingMind.com"]
[Date "2013.02.08"]
[Round "-"]
[White "Majoanis"]
[Black "littleboo"]
[Result "0-1"]
[WhiteCountry "CAN"]
[BlackCountry "USA"]
[WhiteElo "1736"]
[WhiteRD "59"]
[BlackElo "2224"]
[BlackRD "78"]
[GameID "326666"]

1. d4 Nf6 2. c4 e6 3. Nf3 d5 4. Nc3 Be7 5. Bf4 Nh5 6. Bg3 Nxg3 7. hxg3 c6 8. e3 Nd7 9. Bd3 dxc4 10. Bxc4 h6
11. O-O h5 12. Ne5 h4 13. Qf3 Nxe5 14. dxe5 Qa5 15. Qf4 g5 16. Qe4 Qb6 17. Bb3 hxg3 18. fxg3 Bc5
0-1

[Event "Slow norm tournament!"]
[Site "SchemingMind.com"]
[Date "2013.02.07"]
[Round "-"]
[White "Diadoco"]
[Black "littleboo"]
[Result "0-1"]
[WhiteCountry "MEX"]
[BlackCountry "USA"]
[WhiteElo "2006"]
[WhiteRD "92"]
[BlackElo "2224"]
[BlackRD "78"]
[GameID "326667"]

1. e4 c5 2. Nf3 Nc6 3. Bb5 Nf6 4. Nc3 Nd4 5. e5 Nxb5 6. Nxb5 Nd5 7. Ng5 h6 8. Nxf7 Kxf7 9. Qf3+ Nf6 10. exf6 exf6
11. Qd5+ Kg6 12. O-O d6 13. d4 Bf5 14. c4 Qe7 15. Bf4 Be4 16. Qxd6 Qf7 17. Qc7 Qxc4 18. Nc3 Bd3 19. Rfd1 cxd4 20. Qxc4 Bxc4
21. Rxd4 Be6 22. Re1 Bc5 23. Rdd1 Rhe8 24. a3 Bb3 25. Rc1 Rxe1+ 26. Rxe1 Rc8 27. g4 Bxa3 28. bxa3 Rxc3 29. Be3 a6 30. Rc1 Rd3
31. h3 b5 32. Rc6 a5 33. Ra6 a4 34. Kh2 h5 35. Ra7 hxg4 36. hxg4 Be6 37. Bc5 Bxg4 38. Rb7 Bd7 39. Rb6 Rh3+ 40. Kg2 Rc3
41. Bd6 Bc6+ 42. Kg1 Rc1+ 43. Kh2 Kg5 44. Kg3 Rc3+ 45. Kh2 Kg4
0-1

[Event "Slow norm tournament!"]
[Site "SchemingMind.com"]
[Date "2013.02.20"]
[Round "-"]
[White "Greg Magne"]
[Black "littleboo"]
[Result "0-1"]
[WhiteCountry "CAN"]
[BlackCountry "USA"]
[WhiteElo "1894"]
[WhiteRD "67"]
[BlackElo "2214"]
[BlackRD "79"]
[GameID "327479"]

1. e4 c5 2. Nf3 Nc6 3. b4 cxb4 4. d4 d5 5. exd5 Qxd5 6. c4 Qd6 7. d5 Ne5 8. Bb2 Nxf3+ 9. Qxf3 Nf6 10. Bd3 b5
11. O-O Bb7 12. a3 bxc4 13. Bxc4 Bxd5 14. Bxd5 Qxd5 15. Qe2 b3 16. Nc3 Qc6 17. Rac1 a6 18. Rfd1 Qb7 19. Na4 e6 20. Nc5 Bxc5
21. Rxc5 Qe4 22. Qd2 O-O 23. Re1 Rfd8 24. Qc1 Qh4 25. Rg5 Rdc8 26. Qe3 h6 27. Rg3 Ng4 28. Qd4 Qxh2+ 29. Kf1 Qh1+ 30. Ke2 Rc2+
31. Kf3 Nh2+
0-1

[Event "Slow norm tournament!"]
[Site "SchemingMind.com"]
[Date "2013.02.19"]
[Round "-"]
[White "Greg Magne"]
[Black "Majoanis"]
[Result "1-0"]
[WhiteCountry "CAN"]
[BlackCountry "CAN"]
[WhiteElo "1907"]
[WhiteRD "69"]
[BlackElo "1736"]
[BlackRD "59"]
[GameID "327480"]

1. e4 c6 2. d4 d5 3. Nc3 dxe4 4. Nxe4 Nd7 5. Nf3 Ngf6 6. Ng3 e6 7. Bd3 c5 8. c3 cxd4 9. Nxd4 Bc5 10. Nb3 Be7
11. O-O O-O 12. Bg5 h6 13. Be3 Nb6 14. Qe2 Bd7 15. Rfd1 Qc7 16. Rac1 Nbd5 17. Bd4
1-0

[Event "Slow norm tournament!"]
[Site "SchemingMind.com"]
[Date "2013.02.19"]
[Round "-"]
[White "Greg Magne"]
[Black "Diadoco"]
[Result "1-0"]
[WhiteCountry "CAN"]
[BlackCountry "MEX"]
[WhiteElo "1896"]
[WhiteRD "66"]
[BlackElo "1997"]
[BlackRD "102"]
[GameID "327481"]

1. d4 d5 2. c4 c6 3. Nf3 Nf6 4. Nc3 a6 5. e3 b5 6. b3 Bg4 7. h3 Bxf3 8. Qxf3 e5 9. dxe5 Bb4 10. Bd2 Bxc3
11. Bxc3 Ne4 12. Bb4 bxc4 13. bxc4 Qb6 14. Rb1 a5 15. e6 Ra7 16. a3 axb4 17. Rxb4 Qa5 18. cxd5 cxd5 19. Bb5+ Kf8 20. Bd7 Nxd7
21. Qxf7#
1-0

[Event "Slow norm tournament!"]
[Site "SchemingMind.com"]
[Date "2013.02.20"]
[Round "-"]
[White "littleboo"]
[Black "Greg Magne"]
[Result "1-0"]
[WhiteCountry "USA"]
[BlackCountry "CAN"]
[WhiteElo "2214"]
[WhiteRD "79"]
[BlackElo "1894"]
[BlackRD "67"]
[GameID "327482"]

1. e4 c5 2. Nc3 Nc6 3. Bc4 e6 4. Nf3 d6 5. d4 cxd4 6. Nxd4 Nf6 7. O-O Be7 8. Be3 O-O 9. Re1 e5 10. Nb3 Re8
11. a3 Na5 12. Nxa5 Qxa5 13. Bd5 Be6 14. Bxb7 Rab8 15. Bc6 Rec8 16. b4 Qd8 17. b5 a6 18. a4 axb5 19. axb5 Bd7 20. Bxd7 Nxd7
21. Qd2 Nc5 22. Reb1 Rb7 23. Bxc5 Rxc5 24. Nd5 h6 25. Qd3 Bf8 26. b6 Qc8 27. c3 Rb8 28. Ra7
1-0

[Event "Slow norm tournament!"]
[Site "SchemingMind.com"]
[Date "2013.02.19"]
[Round "-"]
[White "Majoanis"]
[Black "Greg Magne"]
[Result "0-1"]
[WhiteCountry "CAN"]
[BlackCountry "CAN"]
[WhiteElo "1736"]
[WhiteRD "59"]
[BlackElo "1907"]
[BlackRD "69"]
[GameID "327483"]

1. d4 d5 2. c4 e6 3. Nc3 c6 4. e3 Nf6 5. Nf3 Nbd7 6. Bd3 dxc4 7. Bxc4 b5 8. Bd3 Bb7 9. a3 a6 10. O-O c5
11. Qe2 cxd4 12. exd4 Bd6 13. Bg5 h6 14. Bh4 O-O 15. Ne5 Qb8 16. Bg3 Nb6
0-1

[Event "Slow norm tournament!"]
[Site "SchemingMind.com"]
[Date "2013.02.19"]
[Round "-"]
[White "Diadoco"]
[Black "Greg Magne"]
[Result "1-0"]
[WhiteCountry "MEX"]
[BlackCountry "CAN"]
[WhiteElo "2031"]
[WhiteRD "105"]
[BlackElo "1878"]
[BlackRD "75"]
[GameID "327484"]

1. e4 e5 2. Nf3 Nc6 3. Bc4 Bc5 4. c3 Nf6 5. d3 d6 6. Bb3 a6 7. Nbd2 Ba7 8. h3 O-O 9. Nf1 h6 10. g4 d5
11. Qe2 dxe4 12. dxe4 Qe7 13. g5 hxg5 14. Bxg5 Be6 15. Ng3 Bxb3 16. axb3 Rad8 17. Nh5 Kh8 18. Nxf6 gxf6 19. Bh6 Rg8 20. Nh4 Qe6
21. Qh5 Rg7 22. Bxg7+ Kxg7 23. Nf5+
1-0

[Event "Slow norm tournament!"]
[Site "SchemingMind.com"]
[Date "2013.03.16"]
[Round "-"]
[White "Thomas J. Hendrich"]
[Black "Greg Magne"]
[Result "0-1"]
[WhiteCountry "USA"]
[BlackCountry "CAN"]
[WhiteElo "1826"]
[WhiteRD "80"]
[BlackElo "1958"]
[BlackRD "69"]
[GameID "328396"]

1. d4 d5 2. c4 c6 3. Nf3 e6 4. Nc3 Nf6 5. Bg5 dxc4 6. e4 b5 7. e5 h6 8. Bh4 g5 9. Nxg5 hxg5 10. Bxg5 Nbd7
11. g3 Bb7 12. Bg2 Qa5 13. exf6 O-O-O 14. O-O Ne5 15. Ne2 c5
0-1

[Event "Slow norm tournament!"]
[Site "SchemingMind.com"]
[Date "2013.03.16"]
[Round "-"]
[White "Thomas J. Hendrich"]
[Black "littleboo"]
[Result "0-1"]
[WhiteCountry "USA"]
[BlackCountry "USA"]
[WhiteElo "1826"]
[WhiteRD "80"]
[BlackElo "2253"]
[BlackRD "72"]
[GameID "328397"]

1. d4 Nf6 2. c4 e6 3. Nf3 d5 4. Nc3 Be7 5. Bg5 O-O 6. e3 Nc6 7. Rc1 dxc4 8. Bxc4 Ne8 9. Bf4 Nd6 10. Bd3 Nb4
0-1

[Event "Slow norm tournament!"]
[Site "SchemingMind.com"]
[Date "2013.03.16"]
[Round "-"]
[White "Thomas J. Hendrich"]
[Black "Majoanis"]
[Result "1-0"]
[WhiteCountry "USA"]
[BlackCountry "CAN"]
[WhiteElo "1826"]
[WhiteRD "80"]
[BlackElo "1693"]
[BlackRD "64"]
[GameID "328398"]

1. d4 f5 2. Nf3 Nf6 3. g3 g6 4. Bg2 Bg7 5. O-O O-O 6. b3 d6 7. Bb2 Ne4 8. Nbd2 Nc6 9. c4 Nxd2 10. Qxd2 e5
11. d5 Ne7 12. Rac1
1-0

[Event "Slow norm tournament!"]
[Site "SchemingMind.com"]
[Date "2013.03.16"]
[Round "-"]
[White "Thomas J. Hendrich"]
[Black "Diadoco"]
[Result "0-1"]
[WhiteCountry "USA"]
[BlackCountry "MEX"]
[WhiteElo "1826"]
[WhiteRD "80"]
[BlackElo "2094"]
[BlackRD "84"]
[GameID "328399"]

1. d4 d5 2. c4 dxc4 3. e4 e5 4. Nf3 exd4 5. Bxc4 Nc6 6. O-O Be6 7. Bxe6 fxe6 8. Qb3 Qd7 9. Qxb7 Rb8 10. Qa6 Nf6
11. Nbd2 Bb4 12. Qd3 Bxd2 13. Bxd2 Rxb2 14. Bc1 Rb6 15. Ba3 Nb4 16. Qc4 Qa4
0-1

[Event "Slow norm tournament!"]
[Site "SchemingMind.com"]
[Date "2013.03.16"]
[Round "-"]
[White "Greg Magne"]
[Black "Thomas J. Hendrich"]
[Result "1-0"]
[WhiteCountry "CAN"]
[BlackCountry "USA"]
[WhiteElo "1958"]
[WhiteRD "69"]
[BlackElo "1826"]
[BlackRD "80"]
[GameID "328400"]

1. d4 Nf6 2. c4 e6 3. Nc3 Bb4 4. Qc2 O-O 5. e4 d5 6. e5 Ne4 7. Bd3 c5 8. cxd5 exd5 9. Ne2 cxd4 10. Nxd4 Nd7
11. f4 Qh4+ 12. g3 Qh3 13. Bxe4 dxe4 14. Qxe4 Nc5 15. Qc2 Rd8 16. Be3 Rxd4 17. Bxd4
1-0

[Event "Slow norm tournament!"]
[Site "SchemingMind.com"]
[Date "2013.03.16"]
[Round "-"]
[White "littleboo"]
[Black "Thomas J. Hendrich"]
[Result "1-0"]
[WhiteCountry "USA"]
[BlackCountry "USA"]
[WhiteElo "2253"]
[WhiteRD "72"]
[BlackElo "1826"]
[BlackRD "80"]
[GameID "328401"]

1. e4 c5 2. Nc3 d6 3. Nf3 Nf6 4. d4 cxd4 5. Nxd4 a6 6. Be2 e6 7. O-O Be7 8. Qd3 O-O 9. Qg3 Kh8 10. Rd1 Qc7
11. Be3
1-0

[Event "Slow norm tournament!"]
[Site "SchemingMind.com"]
[Date "2013.03.16"]
[Round "-"]
[White "Majoanis"]
[Black "Thomas J. Hendrich"]
[Result "0-1"]
[WhiteCountry "CAN"]
[BlackCountry "USA"]
[WhiteElo "1736"]
[WhiteRD "59"]
[BlackElo "2029"]
[BlackRD "108"]
[GameID "328402"]

1. g3 Nf6 2. Bg2 e6 3. c4 d5 4. d4 Be7 5. Nf3 O-O 6. O-O dxc4 7. Qc2 a6 8. Qxc4 b5 9. Qc2 Bb7 10. Bf4 Nc6
11. Rd1 Nb4 12. Qc1 Rc8
0-1

[Event "Slow norm tournament!"]
[Site "SchemingMind.com"]
[Date "2013.03.16"]
[Round "-"]
[White "Diadoco"]
[Black "Thomas J. Hendrich"]
[Result "1-0"]
[WhiteCountry "MEX"]
[BlackCountry "USA"]
[WhiteElo "2094"]
[WhiteRD "84"]
[BlackElo "1826"]
[BlackRD "80"]
[GameID "328403"]

1. e4 c5 2. Nf3 e6 3. d4 cxd4 4. Nxd4 a6 5. Bd3 Bc5 6. Nb3 Be7 7. Qg4 g6 8. Qe2 d6 9. O-O Nd7 10. a4 b6
11. Na3 Ngf6 12. Bh6 Bb7 13. a5 b5 14. c4 Ne5 15. f3 b4 16. Nc2 Nfd7 17. Nxb4
1-0

[Event "Slow norm tournament!"]
[Site "SchemingMind.com"]
[Date "2013.03.17"]
[Round "-"]
[White "Norsland"]
[Black "Greg Magne"]
[Result "1-0"]
[WhiteCountry "USA"]
[BlackCountry "CAN"]
[WhiteElo "1986"]
[WhiteRD "93"]
[BlackElo "1907"]
[BlackRD "69"]
[GameID "328683"]

1. Nc3 d5 2. e4 Nf6 3. exd5 Nxd5 4. Bc4 Nb6 5. Bb3 Nc6 6. Nf3 Bf5 7. O-O e6 8. d4 Be7 9. Bf4 a6 10. d5 exd5
11. Bxd5 Nb4 12. Bxb7 Bxc2 13. Qxd8+ Rxd8 14. a3 Nd3 15. Bxc7 O-O 16. Bxd8 Rxd8 17. Bxa6 Bf6 18. Bxd3 Rxd3 19. Rac1 Bb3 20. Rfe1 h6
21. Re8+ Kh7 22. Rb8
1-0

[Event "Slow norm tournament!"]
[Site "SchemingMind.com"]
[Date "2013.03.22"]
[Round "-"]
[White "Norsland"]
[Black "littleboo"]
[Result "0-1"]
[WhiteCountry "USA"]
[BlackCountry "USA"]
[WhiteElo "1761"]
[WhiteRD "71"]
[BlackElo "2253"]
[BlackRD "72"]
[GameID "328684"]

1. Nc3 d5 2. e4 d4 3. Nce2 Nc6 4. Nf3 Bg4 5. Ng3 Ne5 6. Bb5+ c6 7. Be2 Bxf3 8. gxf3 d3 9. cxd3 Nxd3+ 10. Bxd3 Qxd3
11. Qe2 Qd7
0-1

[Event "Slow norm tournament!"]
[Site "SchemingMind.com"]
[Date "2013.03.17"]
[Round "-"]
[White "Norsland"]
[Black "Thomas J. Hendrich"]
[Result "1-0"]
[WhiteCountry "USA"]
[BlackCountry "USA"]
[WhiteElo "1761"]
[WhiteRD "71"]
[BlackElo "1826"]
[BlackRD "80"]
[GameID "328685"]

1. Nc3 c5 2. d4 cxd4 3. Qxd4 Nc6 4. Qh4 d5 5. Bd2 d4 6. Ne4 Qb6 7. O-O-O Nh6 8. Nf3 Nf5 9. Qf4 f6 10. e3 e5
11. Qg4 Ke7 12. Re1 Nxe3 13. Qg3 Nxf1 14. Rhxf1
1-0

[Event "Slow norm tournament!"]
[Site "SchemingMind.com"]
[Date "2013.03.17"]
[Round "-"]
[White "Norsland"]
[Black "Diadoco"]
[Result "0-1"]
[WhiteCountry "USA"]
[BlackCountry "MEX"]
[WhiteElo "1761"]
[WhiteRD "71"]
[BlackElo "2094"]
[BlackRD "84"]
[GameID "328687"]

1. Nc3 c5 2. d4 cxd4 3. Qxd4 Nc6 4. Qh4 d5 5. Bd2 d4 6. Ne4 Bf5 7. e3 Bxe4 8. Qxe4 Nf6 9. Qd3 e5 10. exd4 exd4
11. Nf3 Bc5 12. O-O-O O-O 13. Qf5 Qd5 14. Qxd5 Nxd5 15. Bc4 Nb6 16. Bd3 Rad8 17. a3 a5
0-1

[Event "Slow norm tournament!"]
[Site "SchemingMind.com"]
[Date "2013.03.18"]
[Round "-"]
[White "Greg Magne"]
[Black "Norsland"]
[Result "1-0"]
[WhiteCountry "CAN"]
[BlackCountry "USA"]
[WhiteElo "1958"]
[WhiteRD "69"]
[BlackElo "1761"]
[BlackRD "71"]
[GameID "328688"]

1. e4 c5 2. Nf3 d6 3. d4 cxd4 4. Nxd4 Nf6 5. Nc3 a6 6. Bg5 e6 7. f4 Qc7 8. Qf3 b5 9. O-O-O b4 10. e5 Bb7
11. Ncb5 axb5 12. Bxb5+ Nfd7 13. Qh3 b3 14. Qxb3 Bd5 15. c4 dxe5 16. fxe5 Nc6 17. Nf5 Ncxe5 18. Rhe1 Nxc4 19. Rxd5 Ne3+ 20. Kb1 Nxd5
21. Qxd5
1-0

[Event "Slow norm tournament!"]
[Site "SchemingMind.com"]
[Date "2013.03.17"]
[Round "-"]
[White "Thomas J. Hendrich"]
[Black "Norsland"]
[Result "0-1"]
[WhiteCountry "USA"]
[BlackCountry "USA"]
[WhiteElo "1826"]
[WhiteRD "80"]
[BlackElo "1761"]
[BlackRD "71"]
[GameID "328690"]

1. d4 Nf6 2. c4 c5 3. d5 b5 4. cxb5 a6 5. bxa6 g6 6. Nc3 Bxa6 7. Nf3 Bg7 8. g3 Qa5 9. Bd2 O-O 10. Bg2 d6
11. O-O Nbd7 12. Rc1 Rfb8
0-1

[Event "Slow norm tournament!"]
[Site "SchemingMind.com"]
[Date "2013.03.17"]
[Round "-"]
[White "Diadoco"]
[Black "Norsland"]
[Result "1-0"]
[WhiteCountry "MEX"]
[BlackCountry "USA"]
[WhiteElo "2094"]
[WhiteRD "84"]
[BlackElo "1761"]
[BlackRD "71"]
[GameID "328692"]

1. e4 c5 2. Nf3 d6 3. d4 cxd4 4. Nxd4 Nf6 5. Nc3 a6 6. Bg5 e6 7. f4 Qc7 8. Bxf6 gxf6 9. Qd2 Nc6 10. O-O-O Bd7
11. Kb1 O-O-O 12. Bc4 Nxd4 13. Qxd4 Qc5 14. Qxf6 Rg8 15. Qxf7 Rg7 16. Qf6 Qxc4 17. g3 Rg6 18. Qd4 Qxd4 19. Rxd4 Bc6 20. Re1 Bg7
21. Rd3 Kc7 22. Kc1 b5 23. a3
1-0

[Event "Slow norm tournament!"]
[Site "SchemingMind.com"]
[Date "2013.03.19"]
[Round "-"]
[White "Buckaroo Bob"]
[Black "Greg Magne"]
[Result "1-0"]
[WhiteCountry "USA"]
[BlackCountry "CAN"]
[WhiteElo "2309"]
[WhiteRD "74"]
[BlackElo "1907"]
[BlackRD "69"]
[GameID "328784"]

1. Nf3 d5 2. d4 Nf6 3. c4 e6 4. Nc3 c6 5. e3 Nbd7 6. Qc2 Bd6 7. Be2 O-O 8. b3 b6 9. O-O Bb7 10. Bb2 Re8
11. Rad1 a6 12. e4 dxe4 13. Nxe4 Nxe4 14. Qxe4 Nf6 15. Qc2 Qc7 16. c5 Be7 17. Bd3 h6 18. Rfe1 Rad8 19. Ne5 Nd5 20. cxb6 Qxb6
21. Bh7+ Kf8 22. Nxf7 Kxf7 23. Qg6+ Kf8 24. Qxe6
1-0

[Event "Slow norm tournament!"]
[Site "SchemingMind.com"]
[Date "2013.03.24"]
[Round "-"]
[White "Buckaroo Bob"]
[Black "littleboo"]
[Result "1-0"]
[WhiteCountry "USA"]
[BlackCountry "USA"]
[WhiteElo "2310"]
[WhiteRD "83"]
[BlackElo "2243"]
[BlackRD "73"]
[GameID "328785"]

1. Nf3 d5 2. d4 Nf6 3. c4 e6 4. Nc3 Be7 5. Bf4 Nh5 6. Bd2 Nf6 7. e3 O-O 8. cxd5 exd5 9. Qb3 Re8 10. Rc1 c6
11. Be2 Bd6 12. O-O Ne4 13. Nxe4 dxe4 14. Ne1 Qc7 15. Kh1 Be6 16. Qc2 Bd5 17. g3 Nd7 18. Ng2 Qb6 19. b3 Nf6 20. Nf4 Bxf4
21. gxf4 Kh8 22. Bc3 Rg8 23. Rg1 h6 24. Rg3 Qc7 25. Rcg1 Qd6 26. Qb2 a5 27. a4 g5 28. fxg5 hxg5 29. Rxg5 Rxg5 30. Rxg5 b6
31. b4 axb4 32. Bxb4 Qc7 33. Qa3 Nh7 34. Bd6 Qd7 35. Rg3 Qd8 36. Qb4 Ra7 37. Rg1 f6 38. h4 Rg7 39. Bg3 Nf8 40. Ra1 f5
41. Qd6 Qxd6 42. Bxd6 Nd7 43. a5 bxa5 44. Rxa5 Rh7 45. h5 Nb6 46. Kh2 Nc4 47. Ra8+ Kg7 48. Bf8+ Kf6 49. h6 Nd2 50. Bg7+ Kg6
51. Kg3 Kg5 52. Ra1 Nf3 53. Rh1 Bb3 54. Ba6 Bd5 55. Rc1 f4+ 56. exf4+ Kg6 57. Bc4 Rxg7 58. hxg7 Kxg7 59. Bxd5 cxd5 60. Rc5 Kf6
61. Rxd5 Ne1 62. Re5 Nd3 63. Rxe4 Nb4 64. Kg4 Nd5 65. Re5 Nb6 66. d5 Na4 67. Re6+
1-0

[Event "Slow norm tournament!"]
[Site "SchemingMind.com"]
[Date "2013.03.19"]
[Round "-"]
[White "Buckaroo Bob"]
[Black "Thomas J. Hendrich"]
[Result "1-0"]
[WhiteCountry "USA"]
[BlackCountry "USA"]
[WhiteElo "2322"]
[WhiteRD "76"]
[BlackElo "1826"]
[BlackRD "80"]
[GameID "328786"]

1. Nf3 Nf6 2. c4 c5 3. Nc3 e6 4. g3 b6 5. Bg2 Bb7 6. O-O Be7 7. d4 cxd4 8. Qxd4 d6 9. Rd1 a6 10. Bg5 Nbd7
11. Qd2
1-0

[Event "Slow norm tournament!"]
[Site "SchemingMind.com"]
[Date "2013.03.19"]
[Round "-"]
[White "Buckaroo Bob"]
[Black "Norsland"]
[Result "1-0"]
[WhiteCountry "USA"]
[BlackCountry "USA"]
[WhiteElo "2249"]
[WhiteRD "73"]
[BlackElo "1760"]
[BlackRD "78"]
[GameID "328788"]

1. Nf3 c5 2. c4 Nf6 3. Nc3 g6 4. e4 Bg7 5. d4 cxd4 6. Nxd4 Nc6 7. Be3 Ng4 8. Qxg4 Nxd4 9. Qd1 Ne6 10. Rc1 Qa5
11. Bd3
1-0

[Event "Slow norm tournament!"]
[Site "SchemingMind.com"]
[Date "2013.03.19"]
[Round "-"]
[White "Buckaroo Bob"]
[Black "Diadoco"]
[Result "1-0"]
[WhiteCountry "USA"]
[BlackCountry "MEX"]
[WhiteElo "2288"]
[WhiteRD "70"]
[BlackElo "2057"]
[BlackRD "89"]
[GameID "328789"]

1. Nf3 Nf6 2. c4 g6 3. Nc3 Bg7 4. e4 d6 5. d4 O-O 6. h3 e5 7. d5 a5 8. g4 Na6 9. Be3 Nd7 10. a3 Nac5
11. Rg1 a4 12. Nd2 h6 13. Qf3 Qh4 14. O-O-O Bf6 15. Nb5 Na6 16. Qe2 Bg5 17. Nf3 Bxe3+ 18. Qxe3 Qf6 19. g5 hxg5 20. Nxg5 Ndc5
21. Be2 Qf4 22. Qxf4 exf4 23. h4 f6 24. Ne6 Bxe6 25. dxe6 Kh7 26. h5 g5 27. Bg4 Rae8 28. Nd4 Nb3+ 29. Nxb3 axb3 30. Rd5 Nc5
31. Rxc5 dxc5 32. Rd1 Re7 33. Rd7 Rxd7 34. exd7 Rd8 35. Kd2 Kh6 36. Kc3 b6 37. Kxb3 c6 38. Kc3 Rb8 39. b4 Kg7 40. bxc5 bxc5
41. a4 Kh6 42. a5 Kg7 43. a6 Kh6 44. a7 Rd8 45. Bd1
1-0

[Event "Slow norm tournament!"]
[Site "SchemingMind.com"]
[Date "2013.03.19"]
[Round "-"]
[White "Greg Magne"]
[Black "Buckaroo Bob"]
[Result "0-1"]
[WhiteCountry "CAN"]
[BlackCountry "USA"]
[WhiteElo "1907"]
[WhiteRD "69"]
[BlackElo "2309"]
[BlackRD "74"]
[GameID "328790"]

1. e4 c5 2. Nf3 d6 3. d4 cxd4 4. Nxd4 Nf6 5. Nc3 a6 6. Bg5 Nbd7 7. Bc4 h6 8. Bxf6 Nxf6 9. Qe2 e5 10. Nf3 Be7
11. O-O-O Bd7 12. h3 Rc8 13. g4 O-O 14. g5 hxg5 15. Nxg5 b5 16. Bb3 b4 17. Nb1 a5 18. h4 a4 19. Bd5 Qc7 20. Rd2 Nxd5
21. exd5 Bf5 22. Rf1 b3 23. axb3 axb3 24. Nc3 Qa5 25. Qh5 Qa1+ 26. Nb1 bxc2
0-1

[Event "Slow norm tournament!"]
[Site "SchemingMind.com"]
[Date "2013.03.24"]
[Round "-"]
[White "littleboo"]
[Black "Buckaroo Bob"]
[Result "0-1"]
[WhiteCountry "USA"]
[BlackCountry "USA"]
[WhiteElo "2243"]
[WhiteRD "73"]
[BlackElo "2310"]
[BlackRD "83"]
[GameID "328791"]

1. e4 c5 2. Nc3 Nc6 3. Bc4 e6 4. Nf3 Nf6 5. Bb5 Qc7 6. d3 Be7 7. O-O O-O 8. Bxc6 bxc6 9. e5 Nd5 10. Ne4 f5
11. Ng3 Rf7 12. c4 Nb6 13. Bg5 Bf8 14. Bf4 a5 15. Ng5 Re7 16. Qh5 g6 17. Qe2 Ba6 18. Nf3 Ree8 19. Qe3 Rab8 20. Rfb1 a4
21. b3 Be7 22. Ne2 Qa7 23. Bg3 Ra8 24. bxa4 Nxa4 25. Bh4 d5 26. exd6 Bxd6 27. Ne5 Qg7 28. f4 Bc8 29. Rb3 h6 30. Bf2 Ra6
31. a3 Nb6 32. Bg3 Nd7 33. Re1 Nf6 34. Nc3 Nh5 35. Bf2 g5 36. fxg5 hxg5 37. Nd1 Rd8 38. Nxc6 Rxc6 39. Qf3 Bxh2+ 40. Kxh2 Qc7+
41. g3 Nf6 42. Kg1 Rb6 43. Rxb6 Qxb6 44. Qe3 Kf7 45. Qxg5 Bb7 46. Qh6 Qc6 47. Ne3 Rxd3 48. Qh2 Qf3 49. Nf1 Rxa3 50. Nd2 Qc6
51. Rd1 Kg6 52. Qh3 Qd6 53. Qh4 Ng4 54. Re1 Nxf2 55. Nf1 Ng4 56. Rd1 Rxg3+ 57. Qxg3 Qxd1 58. Qh3 Qd4+ 59. Ne3 Nxe3 60. Kf2 Ng4+
61. Ke2 Qf2+ 62. Kd1 Ne3+
0-1

[Event "Slow norm tournament!"]
[Site "SchemingMind.com"]
[Date "2013.03.20"]
[Round "-"]
[White "Thomas J. Hendrich"]
[Black "Buckaroo Bob"]
[Result "0-1"]
[WhiteCountry "USA"]
[BlackCountry "USA"]
[WhiteElo "1826"]
[WhiteRD "80"]
[BlackElo "2322"]
[BlackRD "76"]
[GameID "328792"]

1. d4 Nf6 2. c4 e6 3. Nf3 b6 4. g3 Ba6 5. b3 b5 6. cxb5 Bxb5 7. Bg2 d5 8. O-O Nbd7 9. Nc3 Ba6 10. Bb2 Bd6
11. Rc1 O-O
0-1

[Event "Slow norm tournament!"]
[Site "SchemingMind.com"]
[Date "2013.03.19"]
[Round "-"]
[White "Norsland"]
[Black "Buckaroo Bob"]
[Result "0-1"]
[WhiteCountry "USA"]
[BlackCountry "USA"]
[WhiteElo "1761"]
[WhiteRD "71"]
[BlackElo "2322"]
[BlackRD "76"]
[GameID "328794"]

1. Nc3 c5 2. d4 cxd4 3. Qxd4 Nc6 4. Qh4 d5 5. Bd2 d4 6. Ne4 Bf5 7. e3 Qd5 8. Bd3 g5 9. Nxg5 Bxd3 10. cxd3 Qxg2
11. O-O-O Qd5 12. Kb1 Qxh1
0-1